Häufigste Namen aller Päpste - Statistiken

Allgemein
  • Dieses Quiz wurde 192 mal gespielt
  • Das Durchschnittsergebnis liegt bei 6 aus 14
Antwortstatistiken
Anzahl Letztmals Name % Korrekt
23 2005 Johannes
93%
16 2013 Benedikt
90%
14 2025 Leo
77%
12 1958 Pius
69%
6 1978 Paulus
47%
16 1846 Gregorius
46%
8 1644 Urban
40%
14 1774 Clemens
33%
6 1691 Alexander
25%
9 1058 Stephan
18%
9 1404 Bonifatius
14%
5 1590 Sixtus
14%
5 1455 Nikolaus
13%
13 1724 Innocenz
7%
Keine übereinstimmenden Quizze gefunden
Verteilung der Resultate
Anzahl Personen mit jedem Resultat
Perzentil nach korrekt beantworteten Fragen
Ihre Resultats-Entwicklung
Sie haben dieses Quiz noch nicht gespielt